| 000 | 00513nam a2200193Ia 4500 | ||
|---|---|---|---|
| 008 | 230125s9999 xx 000 0 und d | ||
| 020 | _a81-7505-181-7 | ||
| 041 | _aeng | ||
| 082 |
_a823 _bVIV |
||
| 100 |
_aVivekananda S _9110883 |
||
| 245 | _aLectures from Colombo to Almora | ||
| 260 |
_c2008 _bAdvaita ashrama pub _aKolkata |
||
| 300 | _a437p | ||
| 500 | _aEnglish Literature;Literature | ||
| 650 | _aEnglish Literature | ||
| 700 |
_aVivekananda S _9110883 |
||
| 906 | _b2 | ||
| 999 |
_c87749 _d87749 |
||